[Event "2014 WBX Team Tournament"]
[Site "Edmonton"]
[Date "2014.12.14"]
[Round "5.4"]
[White "Kadavil, Suresh"]
[Black "Ludwig, Michael"]
[Result "0-1"]
[WhiteElo "1628"]
[BlackElo "1592"]
[PlyCount "56"]
[EventDate "2014.12.13"]
[EventType "team-swiss"]
[EventRounds "5"]
[EventCountry "CAN"]

1. a3 d5 2. Nf3 Nf6 3. h3 c5 4. d3 Nc6 5. Nbd2 e5 6. e4 Be6 7. Be2 Be7 8. O-O
O-O 9. c4 dxe4 10. dxe4 Qc7 11. Qc2 Rfd8 12. b3 Nd4 13. Nxd4 cxd4 14. Bd3 Rac8
15. Nf3 b5 16. Nd2 Nd7 17. Bb2 Nc5 18. cxb5 Nxd3 19. Qxd3 Qc2 20. Qxc2 Rxc2 21.
Bc1 Bg5 22. Nf3 Bxc1 23. Rfxc1 d3 24. Nxe5 Rxc1+ 25. Rxc1 d2 26. Rc7 d1=Q+ 27.
Kh2 Qd6 28. Rxa7 Qxe5+ 0-1